Kpop demon hunters songs - Statistics

General Stats
  • This quiz has been taken 81 times
  • The average score is 6 of 7
Answer Stats
Answer % Correct
Golden
97%
Takedown
97%
Soda pop
95%
How it’s done
90%
Free
86%
Your idol
86%
What it sounds like
79%
No matching quizzes found
Score Distribution
Percent of People with Each Score
Percentile by Number Answered
Your Score History
You have not taken this quiz